Buku panduan hutan lipur di negeri Kedah

Bibliographic Details
Format: Book
Published: Alor Setar : Jabatan Perhutanan Negeri Kedah , 2011
Subjects:

MARC

LEADER 00000cam a2200000 7i4500
001 0000003876
005 20110803.0
090 0 0 |a 333.78   |b LIPU 2011 
245 1 0 |a Buku panduan hutan lipur di negeri Kedah 
260 0 0 |a Alor Setar :   |b Jabatan Perhutanan Negeri Kedah ,   |c 2011 
300 |a 163 p. :   |b ill. ;   |c 23 cm. 
650 0 0 |a Hutan lipur---Kedah 
998 |a JPSM 
999 |a 007669   |b Monograph   |c Open Shelf   |e Default branch